NCAA Division I Basketball Winning % - Statistics

General Stats
  • This quiz has been taken 56 times
  • The average score is 15 of 26
Answer Stats
Hint Answer % Correct
.710 Duke
98%
.764 Kentucky
95%
.739 North Carolina
95%
.688 UCLA
93%
.726 Kansas
88%
.635 Indiana
76%
.657 Arizona
74%
.634 Connecticut
69%
.638 Illinois
69%
.655 Villanova
69%
.665 Louisville
67%
.689 Syracuse
67%
.651 Gonzaga
60%
.641 Purdue
60%
.647 Notre Dame
55%
.644 Utah
55%
.698 UNLV
52%
.639 Arkansas
48%
.641 Cincinnati
45%
.648 St. John's
45%
.641 Temple
45%
.667 Memphis
31%
.660 Western Kentucky
21%
.634 Murray State
10%
.648 VCU
7%
.694 College of Charleston
2%
No matching quizzes found
Score Distribution
Percent of People with Each Score
Percentile by Number Answered
Your Score History
You have not taken this quiz